01023cam a22002651 4500001001300000003000400013005001700017008004100034010001700075035001900092040003600111042001200147050002200159086001400181100004400195245010300239260004800342300009900390490005200489500006400541504003200605650003600637740006700673999001700740gs 36000124 DLC20260227111340.0780120s1936 dcuaf 000 0 eng c ags 36000124  a(OCoLC)3572335 aU.S. Geological SurveycUUdDLC apremarc00aQE75b.B9 no. 8650 aI19.3:8651 aBaker, Arthur A.q(Arthur Alan),d1897-10aGeology of the Monument valley-Navajo mountain region, San Juan county, Utah,cby Arthur A. Baker. aWashington,bU.S. Govt. Print. Off.,c1936. avi, 106 p. incl. illus., tables.b17 p. (incl. 2 fold. maps (in pocket) fold. diagrs.)c23 cm.0 aUnited States. Geological survey. Bulletin 865 aAt head of title: United States Department of the Interior. aBibliographical foot-notes. 0aGeologyzUtahzSan Juan County.0 aMonument valley-Navajo mountain region, San Juan county, Utah. c27255d27255